Pays les moins peuplés d'Afrique - Statistiques

Statistiques générales
  • Ce quiz a été pris 123 fois
  • Le résultat moyen est 6 sur 10
Statistiques - réponses
Habitants
(milliers)
pays % Correct
589 Cap-Vert
94%
864 Comores
85%
1 113 Eswatini
84%
938 Djibouti
82%
1386 Maurice
81%
213 Sao Tomé-et-Principe
81%
96 Seychelles
79%
840 La Réunion
13%
212 Mayotte
10%
8 Saint-Hélène
4%
Aucun quiz correspondant
Distribution des résultats
% des personnes avec chaque résultat
Percentile par nombre de réponses
Votre historique - résultats
Vous n’avez pas pris ce quiz